000 00704cam a22002293a 4500
001 39087
003 PGUSA
005 20140828083851.0
008 120309s2012||||xxu|||||s|||||000 | eng d
040 _aPGUSA
_beng
042 _adc
050 4 _aZ
100 1 _aPanizzi, Anthony,
_d1797-1879
245 1 0 _aOn the Supply of Printed Books from the Library to the Reading Room of the British Museum
_h[electronic resource] /
_cAnthony Panizzi
260 _bProject Gutenberg,
_c2012
506 _aPublic domain in the USA.
516 _aElectronic text
653 _aLibraries -- Great Britain
830 0 _aProject Gutenberg
_v39087
856 4 0 _uhttp://www.gutenberg.org/ebooks/39087
942 _cEB
999 _c268340
_d268340